000 03250cam a2201189 i 4500
003 PE-LiUPU
005 20250813185700.0
008 210719s2021 pe b 000 0 spa
020 _a9789972046902
040 _aDLC
_bspa
_cPE-LiUPU
_erda
_dPE-LiUPU
082 _223
_a340.7
_bR175m
100 1 0 _aRamos Suyo, Juan Abraham,
_d1950-
_eautor
_92466
245 _aManual de didáctica universitaria en la enseñanza-aprendizaje del derecho y ciencia política pre y posgrado siglo XXI /
_cRamos Suyo, J. A.
250 _aPrimera edición.
264 1 _aLima, Perú :
_bGrijley,
_c2021.
300 _a478 páginas ;
_c25 centímetros.
336 _atext
_btxt
_2rdacontent
337 _aunmediated
_bn
_2rdamedia
338 _avolume
_bnc
_2rdacarrier
504 _aBibliografía: páginas 459-465.
505 _aAspectos cognoscitivos del derecho -- Estructura jurídico-pedagógica del proceso didáctico -- El rol que desempeña la educación universitaria -- Planificación en la enseñanza jurídico-universitaria -- Formación epistemológica en la investigación jurídica -- Técnicas didácticas y aprendizaje en el derecho -- Educación en la formación de valores -- Pedagogía uivesitaria en la emisión de resolución judicial.
526 _aP202
526 _aP201
526 _aP163
526 _aP162
526 _aP161
526 _aP160
526 _aP148
526 _aP147
526 _aP146
526 _aP145
526 _aP144
526 _aP143
526 _aP142
526 _aP141
526 _aP140
526 _aP139
526 _aP138
526 _aP137
526 _aP136
526 _aP135
526 _aP134
526 _aP133
526 _aP129
526 _aP128
526 _aP127
526 _aP120
526 _aP119
526 _aP118
526 _aP116
526 _aP115
526 _aP114
526 _aP110
526 _aP109
526 _aP108
526 _aP104
526 _aP103
526 _aP102
526 _aP99
526 _aP98
526 _aP97
526 _aP96
526 _aP95
526 _aP93
526 _aP90
526 _aP89
526 _aP88
526 _aP83
526 _aP82
526 _aP62
526 _aP59
526 _aP58
526 _aP57
526 _aP51
526 _aP49
526 _aP48
526 _aP47
526 _aP29
526 _aP24
526 _aP20
526 _aP19
526 _aP17
526 _aP15
526 _aP14
526 _aP12
526 _aP10
526 _aP09
526 _aP08
526 _aP07
526 _aP06
526 _aP05
526 _aP04
526 _aP01
556 _a10444184961 E001-106
_z9789972046902
650 1 8 _aDerecho
_xEstudio y enseñanza.
_92871
650 2 8 _aDerecho
_xMetodología.
_92872
650 2 8 _aAbogados
_xFormación profesional.
_92873
650 2 8 _aEscuelas de derecho
_zPerú.
_92875
942 _2ddc
_cBK
_n0
980 _618226
_aJaime Vilcazán Jefe de Análisis Documental
_81
_gALBERTO SANCHEZ Responsable de Automatización
999 _c62046
_d62046